I, the salt doll / (Record no. 100144)

MARC details
000 -LEADER
fixed length control field 00593nam a22001937a 4500
005 - DATE AND TIME OF LATEST TRANSACTION
control field 20160622120308.0
010 ## - LCCN (DPL NO)
LC control number ENG-115178
020 ## - INTERNATIONAL STANDARD BOOK NUMBER
International Standard Book Number 9789385755767
Terms of availability 299.00
035 ## - SYSTEM CONTROL NUMBER
System control number EN-98710
037 ## - SOURCE OF ACQUISITION
Source of stock number/acquisition DBAD/PUB
082 ## - DEWEY DECIMAL CLASSIFICATION NUMBER
Classification number 808.883
100 ## - MAIN ENTRY--PERSONAL NAME
Personal name Mishra, Vandana
245 ## - TITLE STATEMENT
Title I, the salt doll /
Statement of responsibility, etc by Vandana Mishra; translated from the Marathi by Jerry Pinto
260 ## - PUBLICATION, DISTRIBUTION, ETC. (IMPRINT)
Place of publication, distribution, etc New Delhi
Name of publisher, distributor, etc Speaking Tiger
Date of publication, distribution, etc 2016
270 ## - ADDRESS
Address 4381/4, Ansari Road, Daryaganj,
City New Delhi
Postal code 110002
300 ## - PHYSICAL DESCRIPTION
Extent 221p.
Dimensions 20cm(pbk)
700 ## - ADDED ENTRY--PERSONAL NAME
Personal name Pinto, Jerry
942 ## - ADDED ENTRY ELEMENTS (KOHA)
Source of classification or shelving scheme Dewey Decimal Classification
Item type English Books
Call number suffix MIS
Classification part 808.883
Holdings
Withdrawn status Lost status Not for loan Collection code Home library Current library Date acquired Source of acquisition Cost, normal purchase price Full call number Barcode Copy number Cost, replacement price Koha item type
    Not For Loan Non-fiction D.B.Act.Division Bawana 31/05/2016 DBAD/PUB 299.00 808.883 MIS EN-98710 1 299.00 English Books

© Delhi Public Library
Hit Counter
free hit counter